000 00381nam a2200157Ia 4500
008 230711s9999||||xx |||||||||||||| ||und||
020 _a978-81-7223-898-8
041 _aENG
082 _a800
_bRA-B
100 _aRadhakrishnan,S
245 4 _aThe Bhagavadgita
260 _c2010
_aNew Delhi
_bHarperCollins Publishers India
300 _a461
650 _aLiterature
942 _cBK
999 _c5192
_d5192